<?xml version="1.0" encoding="UTF-8"?>
<collection xmlns="http://www.loc.gov/MARC21/slim">
<record>
  <controlfield tag="001">145092</controlfield>
  <controlfield tag="005">20250830073300.0</controlfield>
  <datafield tag="856" ind1="4" ind2=" ">
    <subfield code="s">448263</subfield>
    <subfield code="u">http://zaguan.unizar.es/record/145092/files/texto_completo.pdf</subfield>
    <subfield code="y">Postprint</subfield>
    <subfield code="z">info:eu-repo/date/embargoEnd/2025-08-29</subfield>
  </datafield>
  <datafield tag="856" ind1="4" ind2=" ">
    <subfield code="s">2407528</subfield>
    <subfield code="u">http://zaguan.unizar.es/record/145092/files/texto_completo.jpg?subformat=icon</subfield>
    <subfield code="x">icon</subfield>
    <subfield code="y">Postprint</subfield>
    <subfield code="z">info:eu-repo/date/embargoEnd/2025-08-29</subfield>
  </datafield>
  <datafield tag="773" ind1=" " ind2=" ">
    <subfield code="g">28, 1 (2025), 3-8</subfield>
    <subfield code="p">J SCI MED SPORT</subfield>
    <subfield code="t">JOURNAL OF SCIENCE AND MEDICINE IN SPORT</subfield>
    <subfield code="x">1440-2440</subfield>
  </datafield>
  <datafield tag="951" ind1=" " ind2=" ">
    <subfield code="a">2025-02-14-14:11:25</subfield>
  </datafield>
  <datafield tag="980" ind1=" " ind2=" ">
    <subfield code="a">ARTICLE</subfield>
  </datafield>
  <datafield tag="909" ind1="C" ind2="O">
    <subfield code="o">oai:zaguan.unizar.es:145092</subfield>
    <subfield code="p">articulos</subfield>
    <subfield code="p">driver</subfield>
  </datafield>
  <datafield tag="700" ind1=" " ind2=" ">
    <subfield code="0">(orcid)0000-0003-0455-6172</subfield>
    <subfield code="a">Sitko, Sebastian</subfield>
    <subfield code="u">Universidad de Zaragoza</subfield>
  </datafield>
  <datafield tag="700" ind1=" " ind2=" ">
    <subfield code="a">Cirer-Sastre, Rafel</subfield>
  </datafield>
  <datafield tag="700" ind1=" " ind2=" ">
    <subfield code="0">(orcid)0000-0003-0721-2447</subfield>
    <subfield code="a">Mayolas-Pi, Carmen</subfield>
    <subfield code="u">Universidad de Zaragoza</subfield>
  </datafield>
  <datafield tag="700" ind1=" " ind2=" ">
    <subfield code="a">Jiménez-Gaytán, Romario Rivelino</subfield>
  </datafield>
  <datafield tag="700" ind1=" " ind2=" ">
    <subfield code="a">Orocio, Ricardo Navarro</subfield>
  </datafield>
  <datafield tag="700" ind1=" " ind2=" ">
    <subfield code="a">García, Ricardo Lopez</subfield>
  </datafield>
  <datafield tag="700" ind1=" " ind2=" ">
    <subfield code="a">Corral, Pedro Gualberto Morales</subfield>
  </datafield>
  <datafield tag="700" ind1=" " ind2=" ">
    <subfield code="a">Reverter-Masia, Joaquín</subfield>
  </datafield>
  <datafield tag="700" ind1=" " ind2=" ">
    <subfield code="a">George, Keith</subfield>
  </datafield>
  <datafield tag="700" ind1=" " ind2=" ">
    <subfield code="a">Carranza-García, Luis Enrique</subfield>
  </datafield>
  <datafield tag="540" ind1=" " ind2=" ">
    <subfield code="9">info:eu-repo/semantics/openAccess</subfield>
    <subfield code="a">by-nc-nd</subfield>
    <subfield code="u">http://creativecommons.org/licenses/by-nc-nd/3.0/es/</subfield>
  </datafield>
  <datafield tag="710" ind1="2" ind2=" ">
    <subfield code="1">1006</subfield>
    <subfield code="2">245</subfield>
    <subfield code="a">Universidad de Zaragoza</subfield>
    <subfield code="b">Dpto. Fisiatría y Enfermería</subfield>
    <subfield code="c">Área Educación Física y Depor.</subfield>
  </datafield>
  <datafield tag="245" ind1=" " ind2=" ">
    <subfield code="a">The kinetics of cardiac troponin T release during and after 1- and 6-h maximal cycling trials</subfield>
  </datafield>
  <datafield tag="024" ind1="7" ind2=" ">
    <subfield code="2">doi</subfield>
    <subfield code="a">10.1016/j.jsams.2024.08.207</subfield>
  </datafield>
  <datafield tag="024" ind1="8" ind2=" ">
    <subfield code="2">sideral</subfield>
    <subfield code="a">139928</subfield>
  </datafield>
  <datafield tag="260" ind1=" " ind2=" ">
    <subfield code="c">2025</subfield>
  </datafield>
  <datafield tag="520" ind1="3" ind2=" ">
    <subfield code="a">Objectives: In this study, the effects of short-duration high-intensity exercise and long-duration exercise on high-sensitivity cardiac troponin T (hs-cTnT) levels were compared.
Methods: Twelve male amateur cyclists performed 1- and 6-h cycling trials. In both exercise trials, hs-cTnT was assessed at rest, immediately postexercise and at 1, 3, 6, 12, and 24 h postexercise. Additionally, hs-cTnT levels were assessed every hour during the 6-h trial.
Results: Exercise resulted in an increase in hs-cTnT levels in all subjects. Circulating hs-cTnT levels increased in both exercise trials (p &lt; 0.001), with higher peak values occurring after the 1-h trial compared with those of the 6-h trial (p = 0.023). The upper reference limit (URL) exceeded 83 % of the participants in the 1-h trial and 42 % of the participants in the 6-h trial. There was substantial individual variability in peak hs-cTnT in both trials. Values of hs-cTnT were greater after exercise than during exercise for the 6-h trial. For both exercise trials, the maximum postexercise hs-cTnT values correlated with the %HRMAX (r = 0.906 for the 1-h trial, r = 0.735 for the 6-h trial). For the 1-h trial, the maximum postexercise hs-cTnT values were observed at 3 h in all subjects. No significant difference in the hs-cTnT values was observed for the 6-h trial during the first 12 h postexercise.
Conclusions: Our results demonstrated greater hs-cTnT levels in young male participants after a 1-h cycling trial than after a 6-h cycling trial, despite a substantially greater energy expenditure and total external work completed in the 6-h trial. Postexercise hs-cTnT values are associated with relative exercise intensity.</subfield>
  </datafield>
  <datafield tag="506" ind1="0" ind2=" ">
    <subfield code="a">Access copy available to the general public</subfield>
    <subfield code="f">Unrestricted</subfield>
  </datafield>
  <datafield tag="655" ind1=" " ind2="4">
    <subfield code="a">info:eu-repo/semantics/article</subfield>
    <subfield code="v">info:eu-repo/semantics/acceptedVersion</subfield>
  </datafield>
  <datafield tag="100" ind1=" " ind2=" ">
    <subfield code="0">(orcid)0000-0003-2644-9386</subfield>
    <subfield code="a">Legaz-Arrese, Alejandro</subfield>
    <subfield code="u">Universidad de Zaragoza</subfield>
  </datafield>
  <datafield tag="037" ind1=" " ind2=" ">
    <subfield code="a">ART-2025-139928</subfield>
  </datafield>
  <datafield tag="041" ind1=" " ind2=" ">
    <subfield code="a">eng</subfield>
  </datafield>
</record>
</collection>